Statistiken für Länder der Afrikanischen Grossen Seen mit einer leeren Karte

Klicken Sie hier um das Quiz zu spielen!

Allgemein

  • Dieses Quiz wurde 3.431 mal gespielt
  • Das Durchschnittsergebnis liegt bei 9 aus 10

Antworten auf der Karte

Die Antworten werden auf der Karte rot bzw. grün angezeigt, abhängig davon wie oft sie richtig erraten wurden.
Laden ...
 

Antwortstatistiken

Land% Korrekt
Demokratische Republik Kongo
97%
Kenia
95%
Tansania
94%
Äthiopien
93%
Uganda
93%
Mosambik
92%
Ruanda
90%
Burundi
87%
Malawi
87%
Sambia
86%

Verteilung der Resultate

Perzentil nach korrekt beantworteten Fragen

Anzahl Personen mit jedem Resultat

Ihre Resultats-Entwicklung

Sie haben dieses Quiz noch nicht gespielt